Word Ladder: Reggae Superstar Quiz Stats

 Plays Quiz Updated Mar 24, 2016

Challenge
Share
Tweet
Embed
Score 0/25 Timer 02:00
0 Plays Today
Hint 3-Letter Word % Correct
The best is ___ to come.YET
95.9%
Toronto Blue ___JAY
94.2%
☮ Toast topper ☮☮ JAM ☮
93.2%
☮ Merry month of song ☮☮ MAY ☮
93%
Tonic partnerGIN
92.4%
GambleBET
92.3%
☮ Red Stripe unit or Campbell's container ☮☮ CAN ☮
90.3%
'Rasta___ Vibration' or homo sapiensMAN
88.1%
'___ It Be'LET
88%
Angry crowdMOB
87.9%
☮ Original ___ or Trig function ☮☮ SIN ☮
87.5%
Dog or catPET
87.5%
Floor cleanerMOP
86.7%
Hint 3-Letter Word % Correct
Ziggy's relationship to BobSON
86.6%
ScamCON
84.9%
☮ Short haircut ☮☮ BOB ☮
83.2%
☮ Director Spike ___☮ LEE ☮
82.1%
Golfer's goalPAR
78.5%
Automated entityBOT
78.4%
For eachPER
76.9%
ChartMAP
76.6%
☮ Country between FRA and POL ☮☮ GER ☮
75.1%
☮ Blemish ☮☮ MAR ☮
70.9%
Beatles song '___ Blues'YER
69.9%
Gamer's gathering, ___ ConGEN
68.4%

Today's Daily Dose

You're not logged in!

Compare scores with friends on all Sporcle quizzes.
Join for Free
OR
Log In

You Might Also Like...

Show Comments

Extras

Top Quizzes Today


Score Distribution

Your Account Isn't Verified!

In order to create a playlist on Sporcle, you need to verify the email address you used during registration. Go to your Sporcle Settings to finish the process.

Report this User

Report this user for behavior that violates our Community Guidelines.

Details: